000 00350nam a22001457a 4500
008 210312b ||||| |||| 00| 0 eng d
020 _a2900324590370
041 _aeng
080 _25th
_a330.101.541
082 _a330.101.541
100 _a52
101 _aMAKRO
245 _aBrief Principles of Macroeconomics
_cMankiw, N. G
942 _2udc
_cBK
999 _c56492
_d56492